Clasificación de medallas Eurocopa - Estadísticas

Estadísticas generales
  • Esta prueba ha sido intentada 39 veces
  • La puntuación promedio es 12 de 17
Estadísticas de respuestas
Oro Plata Marron País % Correcto
4 1 1 España
94%
2 2 1 Italia
91%
3 3 3 Alemania
88%
2 1 2 Francia
88%
1 3 1 Rusia
88%
1 0 5 Países Bajos
79%
0 0 1 Suecia
79%
0 0 1 Hungría
76%
0 2 2 Inglaterra
76%
1 0 2 Dinamarca
74%
1 0 0 Grecia
74%
0 1 1 Bélgica
71%
1 1 3 República Checa
71%
0 2 0 Serbia
53%
0 0 1 Turquía
47%
0 0 1 Galles
26%
1 1 3 Portogal
9%
No se encontraron pruebas coincidentes
Distribución de puntuación
Porcentaje de gente con cada puntuación
Porcentaje por número respondido
Historial de tus puntuaciones
No has intentado esta prueba.